People's Republic of China-Hong Kong Special Administrative Region : Financial Sector Assessment Program-Technical Note-Investment Funds Sector Liquidity Stress Testing.

The Hong Kong Special Administrative Regime (HKSAR) is home to a fast-growing and highly international investment fund industry. The public investment fund industry authorized in HKSAR has grown rapidly from USD 628 billion in 2008 to USD 1.6 trillion in net asset value (NAV) in 2020. The locally do...

Description complète

Détails bibliographiques
Collectivité auteur: International Monetary Fund. Monetary and Capital Markets Department
Format: Revue
Langue:English
Publié: Washington, D.C. : International Monetary Fund, 2021.
Collection:IMF Staff Country Reports; Country Report ; No. 2021/120
Sujets:
Accès en ligne:Full text available on IMF
LEADER 02208cas a2200301 a 4500
001 AALejournalIMF021830
008 230101c9999 xx r poo 0 0eng d
020 |c 5.00 USD 
020 |z 9781513584331 
022 |a 1934-7685 
040 |a BD-DhAAL  |c BD-DhAAL 
110 2 |a International Monetary Fund.  |b Monetary and Capital Markets Department. 
245 1 0 |a People's Republic of China-Hong Kong Special Administrative Region :   |b Financial Sector Assessment Program-Technical Note-Investment Funds Sector Liquidity Stress Testing. 
264 1 |a Washington, D.C. :  |b International Monetary Fund,  |c 2021. 
300 |a 1 online resource (29 pages) 
490 1 |a IMF Staff Country Reports 
500 |a <strong>Off-Campus Access:</strong> No User ID or Password Required 
500 |a <strong>On-Campus Access:</strong> No User ID or Password Required 
506 |a Electronic access restricted to authorized BRAC University faculty, staff and students 
520 3 |a The Hong Kong Special Administrative Regime (HKSAR) is home to a fast-growing and highly international investment fund industry. The public investment fund industry authorized in HKSAR has grown rapidly from USD 628 billion in 2008 to USD 1.6 trillion in net asset value (NAV) in 2020. The locally domiciled sector grew from USD 121 billion in early 2015 to almost USD 155 billion in 2020. Open-end funds authorized for sale in HKSAR are substantially invested in foreign assets and significantly invested in by non-HKSAR residents and are therefore reactive to international liquidity and price conditions. Locally domiciled funds invest their portfolios in both local and overseas assets markets, while they are overwhelmingly funded by HKSAR investors. 
538 |a Mode of access: Internet 
650 7 |a International Agreements  |2 imf 
650 7 |a International Organizations  |2 imf 
650 7 |a Monetary Policy  |2 imf 
650 7 |a Observance  |2 imf 
651 7 |a Hong Kong Special Administrative Region, People's Republic of China  |2 imf 
830 0 |a IMF Staff Country Reports; Country Report ;  |v No. 2021/120 
856 4 0 |z Full text available on IMF  |u http://elibrary.imf.org/view/journals/002/2021/120/002.2021.issue-120-en.xml  |z IMF e-Library